[Event "Sant Adria de Besos op 11th"]
[Site "Sant Adria de Besos"]
[Date "2015.05.24"]
[Round "5.26"]
[White "Rodriguez Robert, Ricardo"]
[Black "Hernando Caro, Miquel"]
[Result "1-0"]
[WhiteElo "1739"]
[BlackElo "1684"]
[PlyCount "79"]
[EventDate "2015.04.12"]
[EventType "swiss"]
[EventRounds "9"]
[EventCountry "ESP"]
[SourceTitle "EXT 2024"]
[Source "ChessBase"]
[SourceDate "2023.10.10"]
[SourceVersion "1"]
[SourceVersionDate "2023.10.10"]
[SourceQuality "1"]

1. d4 d5 2. Nf3 Nf6 3. c4 dxc4 4. Nc3 Nc6 5. e4 e5 6. Bg5 Bb4 7. Bxc4 exd4 8. a3 Bc5 9. b4 Bd6 10. Nxd4 Be5 11. Nde2 Bd4 12. Nxd4 Qxd4 13. Qxd4 Nxd4 14. 0-0-0 0-0 15. Rxd4 Bg4 16. e5 Rad8 17. Rxd8 Rxd8 18. h3 Bf5 19. g4 Be4 20. Bxf6 Bxh1 21. Bxd8 Bg2 22. h4 Bf3 23. g5 Kf8 24. Bxc7 Ke8 25. Bb5+ Ke7 26. Bd3 h6 27. g6 f6 28. exf6+ Kxf6 29. Kd2 Bh5 30. Nd5+ Ke6 31. Nf4+ Kf6 32. Bd8+ Ke5 33. Nxh5 b6 34. Nxg7 a5 35. bxa5 bxa5 36. Ne8 Kd4 37. g7 Kc5 38. Be7+ Kb6 39. g8Q a4 40. Qe6+ 1-0